NURSING 4100 (Record no. 58364)
[ view plain ]
| 000 -LEADER | |
|---|---|
| fixed length control field | 00312nam a22001457a 4500 |
| 008 - FIXED-LENGTH DATA ELEMENTS--GENERAL INFORMATION | |
| fixed length control field | 221005b ||||| |||| 00| 0 eng d |
| 020 ## - INTERNATIONAL STANDARD BOOK NUMBER | |
| International Standard Book Number | 9781256262992 |
| 041 ## - LANGUAGE CODE | |
| Language code of text/sound track or separate title | eng |
| 080 ## - UNIVERSAL DECIMAL CLASSIFICATION NUMBER | |
| Universal Decimal Classification number | 610.73 |
| 082 ## - DEWEY DECIMAL CLASSIFICATION NUMBER | |
| Classification number | 610.73 FIN |
| 100 ## - Rafti | |
| Rafti | 6 |
| 101 ## - Shkurtesa | |
| Shkurtesa | INF |
| 245 ## - TITLE STATEMENT | |
| Title | NURSING 4100 |
| Statement of responsibility, etc | FINKELMAN A |
| 942 ## - ADDED ENTRY ELEMENTS (KOHA) | |
| Source of classification or shelving scheme | |
| Item type | Books |
| Withdrawn status | Lost status | Source of classification or shelving scheme | Damaged status | Not for loan | Collection code | Permanent location | Current location | Date acquired | Total Checkouts | Full call number | Barcode | Date last seen | Price effective from | Koha item type |
|---|---|---|---|---|---|---|---|---|---|---|---|---|---|---|
| Koleksioni i përgjithshem | UBT - Lipjan | UBT - Lipjan | 10/05/2022 | 610.73 FIN | 002-80002870093 | 10/05/2022 | 10/05/2022 | Books | ||||||
| Koleksioni i përgjithshem | UBT - Lipjan | UBT - Lipjan | 11/10/2022 | 610.73 FIN | 002-800028700260583 | 11/10/2022 | 11/10/2022 | Books | ||||||
| Koleksioni i përgjithshem | UBT - Lipjan | UBT - Lipjan | 11/10/2022 | 610.73 FIN | 002-800028700260585 | 11/10/2022 | 11/10/2022 | Books | ||||||
| Koleksioni i përgjithshem | UBT - Lipjan | UBT - Lipjan | 11/10/2022 | 610.73 FIN | 002-800028700260584 | 11/10/2022 | 11/10/2022 | Books | ||||||
| Koleksioni i përgjithshem | UBT - Lipjan | UBT - Lipjan | 11/10/2022 | 610.73 FIN | 002-800028700260586 | 11/10/2022 | 11/10/2022 | Books |